The astrogeodetic determination of the geoid in Great Britain (Record no. 95444)

MARC details
000 -LEADER
fixed length control field 00594cam a2200205 4500
001 - CONTROL NUMBER
control field D3089
008 - FIXED-LENGTH DATA ELEMENTS--GENERAL INFORMATION
fixed length control field 090401t1980 xxu||||| |||| 00| 0 eng d
035 ## - SYSTEM CONTROL NUMBER
System control number (Sirsi) u71822
041 ## - LANGUAGE CODE
Language code of text/sound track or separate title eng
050 ## - LIBRARY OF CONGRESS CALL NUMBER
Classification number 526.6
100 ## - MAIN ENTRY--PERSONAL NAME
Personal name Dean, J.D.A.
245 #4 - TITLE STATEMENT
Title The astrogeodetic determination of the geoid in Great Britain
260 ## - PUBLICATION, DISTRIBUTION, ETC.
Place of publication, distribution, etc. Southampton
Name of publisher, distributor, etc. Ordnance Survey
Date of publication, distribution, etc. 1980
300 ## - PHYSICAL DESCRIPTION
Extent 47p. ill. maps. 30cm
350 ## - PRICE (NR) (BK AM CF MU VM SE) [OBSOLETE]
Price 8
490 ## - SERIES STATEMENT
Series statement Ordnance Survey Professional Papers
Volume/sequential designation 29
520 ## - SUMMARY, ETC.
Summary, etc. Forms Reference (a) of RICS Land Surveyors Information Package 7
942 ## - ADDED ENTRY ELEMENTS (KOHA)
Suppress in OPAC 0
948 ## - LOCAL PROCESSING INFORMATION (OCLC); SERIES PART DESIGNATOR (RLIN)
c (OCLC) 04/03/1997
Holdings
Withdrawn status Lost status Source of classification or shelving scheme Damaged status Not for loan Home library Current library Shelving location Date acquired Cost, normal purchase price Total Checkouts Full call number Barcode Date last seen Copy number Cost, replacement price Price effective from Koha item type
    Dewey Decimal Classification     London London Basement 14/09/1999 8.00   SHELF 202 30004002 06/08/2019 1 8.00 06/08/2019 Book